Využívanie nových trendov v manažmente
Dominujúce trendy, ktoré ovplyvňujú manažment. Internacionalizácia a interdisciplinárnosť manažmentu. Klasifikácia nadnárodných spoločností podľa Barletta a Ghoshala. Hlavná myšlienka reengineeringu. Konkurenčná výhoda -intelektuálny kapitál.
Salvato in:
| Autore principale: | |
|---|---|
| Natura: | Capitolo di libro |
| Lingua: | slovacco |
| Soggetti: | |
| Tags: |
Nessun Tag, puoi essere il primo ad aggiungerne!!
|
MARC
| LEADER | 00000naa$a2200000$$$4500 | ||
|---|---|---|---|
| 001 | 0018783 | ||
| 005 | 20231106081700.1 | ||
| 041 | 0 | |a slo | |
| 044 | |a SK | ||
| 245 | 1 | 0 | |a Využívanie nových trendov v manažmente |c Michal Macúch |
| 520 | |a Dominujúce trendy, ktoré ovplyvňujú manažment. Internacionalizácia a interdisciplinárnosť manažmentu. Klasifikácia nadnárodných spoločností podľa Barletta a Ghoshala. Hlavná myšlienka reengineeringu. Konkurenčná výhoda -intelektuálny kapitál. | ||
| 610 | 2 | 0 | |a manažment |
| 610 | 2 | 0 | |a spoločnosti nadnárodné |
| 610 | 2 | 0 | |a internacionalizácia |
| 610 | 2 | 0 | |a marketing manažment |
| 610 | 2 | 0 | |a reengineering |
| 610 | 2 | 0 | |a vzdelávanie |
| 610 | 2 | 0 | |a kapitál intelektuálny |
| 610 | 2 | 0 | |a kvalifikácia |
| 100 | 1 | |a Macúch, Michal | |